| 000 | 00465nam a22001217a 4500 | ||
|---|---|---|---|
| 082 | _a220 PRO | ||
| 100 |
_aNS Syed Adil Shah NS Muhammad Taha Qureshi GC Saad Atiq _973081 |
||
| 245 | _aPR-SOF-1933-Design, Analysis and Fabrication of Compliant, Robust, Lightweight and Low Cost Prosthetic Hand | ||
| 260 |
_aISLAMABAD _bNUST COLLEGE OF EME _c2020 |
||
| 650 | _aDE-COMP-38 | ||
| 700 |
_aProject Supervisors Dr. Raja Amer Azim Lecturer Hamza Asif _973082 |
||
| 942 | _cCR | ||
| 999 |
_c578956 _d578956 |
||